Branding in Greek Cosmetics Industry. (Record no. 8606)
[ view plain ]
| 000 -LEADER | |
|---|---|
| fixed length control field | 01457cam a22001934a 4500 |
| 005 - ΗΜΕΡΟΜΗΝΙΑ ΚΑΙ ΩΡΑ ΤΕΛΕΥΤΑΙΑΣ ΕΝΗΜΕΡΩΣΗΣ | |
| Πεδίο ελέγχου | 20250605164341.0 |
| 008 - FIXED-LENGTH DATA ELEMENTS--GENERAL INFORMATION | |
| Πεδίο ελέγχου σταθερού μήκους | 250528s ||||||||||||||||||||||||d |
| 035 ## - SYSTEM CONTROL NUMBER | |
| System control number | 23606 |
| 040 ## - ΠΗΓΗ ΚΑΤΑΛΟΓΟΓΡΑΦΗΣΗΣ | |
| Φορέας πρωτότυπης καταλογογράφησης | MC Athens Campus Library |
| Γλώσσα καταλογογράφησης | Ελληνικά, Μοντέρνα (1453-) |
| Modifying agency | MC Athens Campus Library |
| Κανόνες περιγραφικής καταλογογράφησης | AACR2 |
| 245 1# - ΤΙΤΛΟΣ ΚΑΙ ΔΗΛΩΣΗ ΥΠΕΥΘΥΝΟΤΗΤΑΣ | |
| Τίτλος | Branding in Greek Cosmetics Industry. |
| 260 ## - PUBLICATION, DISTRIBUTION, ETC. | |
| Date of publication, distribution, etc. | 2015 |
| 300 ## - PHYSICAL DESCRIPTION | |
| Extent | 92 |
| 520 ## - SUMMARY, ETC. | |
| Summary, etc. | Introduction, Definition of Brand and Branding, Aaker's ,odel for Inceasing Brand Equity, Keller's Customer Based Brand Equity, Brand Positioning, Brand Resonance, Brand Value Chain, Kapferer's Models for Strenthening Brand Equity, Brand Positioning, Gap between Brand Identity and Brand Image, Brand Identity Prism, Lovemarks and Passionbrands, Cosmetic Industry, Natural Cosmetics the New Trend in Cosmetics Industry, Brand Building for Natural and Synthetic Cosmetics, Cosmeceuticals, External Environment PESTLE Analysis (Greece), Greek Cosmetics Industry Analysis, Porter 5 Forces, SWOT Analysis, Methodology, Philosophical Research Approached, Marketing Research and Approaches, Research in Design, In Depth Interviews and Focus Groups: a Holistic View, Brand Identity vs Brand Image, Brand Managers' Questionnaire Design, Focus Groups's Questionnaire Design, Ethical Considerations, Data Analysis, Conclusions, Recommendations, Personal Reflection, References, Appendix. |
| 700 1# - ΠΡΟΣΘΕΤΗ ΑΝΑΓΡΑΦΗ--ΦΥΣΙΚΟ ΠΡΟΣΩΠΟ | |
| Personal name | Kalogirou |
| 9 (RLIN) | 9196 |
| 700 1# - ΠΡΟΣΘΕΤΗ ΑΝΑΓΡΑΦΗ--ΦΥΣΙΚΟ ΠΡΟΣΩΠΟ | |
| Personal name | Λουκοπούλου Αποστολία |
| 9 (RLIN) | 9195 |
| 942 ## - ADDED ENTRY ELEMENTS (KOHA) | |
| Koha item type | Διπλωματική εργασία |
| Τύπος τεκμηρίου | Βιβλιοθήκη | Τρέχουσα τοποθεσία | Barcode | Ημερομηνία απόκτησης | Ταξιθετικό σύμβολο | Αριθμός αντιτύπου | Κατάσταση απόσυρσης | Κατάσταση χαμένου | Κατάσταση κατεστραμμένου | Μη δανεισμός | Σύνολο δανεισμών | Ημερομηνία τελευταίας εμφάνισης | Η τιμή ισχύει από |
|---|---|---|---|---|---|---|---|---|---|---|---|---|---|
| Διπλωματική εργασία | MC Athens Campus Library | MC Athens Campus Library | 9780000086051 | 05/06/2025 | BUS 2015 (21) | 1 | 05/06/2025 | 05/06/2025 |